[Event "26th EUR-ch"]
[Site "Katowice POL"]
[Date "2026.04.10"]
[Round "4.14"]
[White "Licznerski, Lukasz"]
[Black "Korobov, Anton"]
[Result "1/2-1/2"]
[WhiteElo "2486"]
[BlackElo "2610"]
[EventDate "2026.04.07"]
[PlyCount "70"]

1.e4 c5 2.Nf3 e6 3.d4 cxd4 4.Nxd4 Nc6 5.Nc3 Qc7 6.Be2 Nf6 7.Ndb5 Qb8 8.f4 
a6 9.e5 axb5 10.exf6 b4 11.fxg7 Bxg7 12.Nb5 d5 13.O-O O-O 14.c3 bxc3 15.
bxc3 Bd7 16.a4 Ne7 17.Ba3 Bxb5 18.Bxb5 Qc7 19.f5 Nxf5 20.Rxf5 exf5 21.Bxf8
Rxf8 22.Qxd5 Be5 23.g3 Rd8 24.Qf3 f4 25.gxf4 Bxf4 26.Kh1 Rd2 27.Rg1+ Kf8 
28.Rg2 Rxg2 29.Qxg2 Qxc3 30.Qxb7 Qe1+ 31.Kg2 Qd2+ 32.Kf3 Qe3+ 33.Kg2 Qd2+ 
34.Kf3 Qe3+ 35.Kg2 Qd2+ 1/2-1/2

[Event "26th EUR-ch"]
[Site "Katowice POL"]
[Date "2026.04.10"]
[Round "4.15"]
[White "Santos Latasa, Jaime"]
[Black "Nemec, Jachym"]
[Result "1-0"]
[WhiteElo "2610"]
[BlackElo "2482"]
[EventDate "2026.04.07"]
[PlyCount "49"]

1.c4 Nf6 2.Nc3 e6 3.e4 c5 4.e5 Ng8 5.Nf3 Nc6 6.d4 cxd4 7.Nxd4 Nxe5 8.Ndb5 
a6 9.Nd6+ Bxd6 10.Qxd6 f6 11.f4 Nf7 12.Qb4 Ne7 13.Be3 d6 14.Bb6 Qd7 15.Bd3
a5 16.Qb3 a4 17.Qb4 Ra6 18.Be3 O-O 19.O-O b6 20.Bxb6 Bb7 21.c5 Raa8 22.Bb5
Nc6 23.cxd6 Nxd6 24.Rad1 Nxb5 25.Qxf8+ 1-0

[Event "26th EUR-ch"]
[Site "Katowice POL"]
[Date "2026.04.10"]
[Round "4.16"]
[White "Quparadze, Giga"]
[Black "Maurizzi, Marc`Andria"]
[Result "1-0"]
[WhiteElo "2484"]
[BlackElo "2608"]
[EventDate "2026.04.07"]
[PlyCount "71"]

1.e4 c5 2.Nf3 e6 3.d4 cxd4 4.Nxd4 Nc6 5.Nc3 Bc5 6.Nb3 Bb4 7.Bd3 Nge7 8.O-O
O-O 9.Bd2 f5 10.exf5 Nxf5 11.Ne2 Be7 12.Ng3 Nxg3 13.hxg3 Bf6 14.c3 Ne5 15.
Be2 d5 16.Be3 b6 17.a4 Bd7 18.a5 b5 19.Nc5 Nc4 20.Qc1 Bc8 21.b4 Qe8 22.Bg5
a6 23.Bxf6 Rxf6 24.Re1 Nd6 25.Qe3 Qf7 26.g4 h6 27.f3 Ra7 28.Rad1 Nc4 29.
Bxc4 bxc4 30.Ne4 dxe4 31.Rd8+ Kh7 32.Qxe4+ g6 33.Rxc8 Rc7 34.Rd8 Rf4 35.
Qe5 Rf6 36.g5 1-0

[Event "26th EUR-ch"]
[Site "Katowice POL"]
[Date "2026.04.10"]
[Round "4.17"]
[White "Muradli, Mahammad"]
[Black "Ohanian, Emin"]
[Result "0-1"]
[WhiteElo "2605"]
[BlackElo "2481"]
[EventDate "2026.04.07"]
[PlyCount "70"]

1.d4 d5 2.c4 e6 3.Nf3 Nf6 4.Nc3 c6 5.Bg5 dxc4 6.e4 b5 7.e5 h6 8.Bh4 g5 9.
Nxg5 hxg5 10.Bxg5 Nbd7 11.exf6 Bb7 12.h4 Qa5 13.a4 b4 14.Nb1 c3 15.Qb3 e5 
16.bxc3 bxc3 17.Na3 exd4 18.Nc4 Qc7 19.O-O-O O-O-O 20.Rxd4 Nc5 21.Rxd8+ 
Qxd8 22.Qxc3 Ne4 23.Qh3+ Kb8 24.Bf4+ Ka8 25.Qe3 Nxf6 26.Bg5 Bg7 27.Be2 Qf8
28.Qb3 Nd5 29.Qa3 Qc8 30.Bf3 Ba6 31.Qc5 Qb7 32.Kd2 Bf8 33.Qd4 Qb4+ 34.Kd3 
Qb3+ 35.Ke4 Qc2+ 0-1

[Event "26th EUR-ch"]
[Site "Katowice POL"]
[Date "2026.04.10"]
[Round "4.18"]
[White "Rodshtein, Maxim"]
[Black "Ilinca, Felix-Antonio"]
[Result "0-1"]
[WhiteElo "2598"]
[BlackElo "2481"]
[EventDate "2026.04.07"]
[PlyCount "114"]

1.c4 Nf6 2.Nf3 e6 3.g3 d5 4.Bg2 Be7 5.O-O O-O 6.b3 c5 7.Bb2 Nc6 8.e3 b6 9.
Nc3 Bb7 10.d3 Qc7 11.cxd5 exd5 12.Rc1 Rad8 13.Re1 Qb8 14.Ne2 Rfe8 15.a3 a5
16.Qc2 Qa8 17.d4 Ne4 18.Nf4 Bf8 19.h4 a4 20.bxa4 Na5 21.Ne5 c4 22.Bxe4 
dxe4 23.Qe2 f6 24.Ng4 Bd5 25.h5 h6 26.Kg2 Qc6 27.Rh1 Qxa4 28.Rh4 Qc6 29.
Bc3 Nb3 30.Rch1 Rd7 31.Bb4 Bxb4 32.axb4 Ree7 33.Nh2 Bf7 34.Ng6 Re8 35.Rf4 
c3 36.Ng4 c2 37.b5 Qc4 38.Nxf6+ gxf6 39.Qg4 Qe6 40.Ne5+ Qxg4 41.Rxg4+ Kh8 
42.Nxd7 Be6 43.Rg6 Bxd7 44.Rxf6 Re6 45.Rf5 Kg7 46.Rd5 Be8 47.g4 c1=Q 48.
Rxc1 Nxc1 49.f4 exf3+ 50.Kxf3 Na2 51.Rd8 Nc3 52.Kf4 Ne4 53.d5 Ng5 54.Rb8 
Re4+ 55.Kg3 Rxe3+ 56.Kf4 Re4+ 57.Kg3 Bxb5 0-1

[Event "26th EUR-ch"]
[Site "Katowice POL"]
[Date "2026.04.10"]
[Round "4.19"]
[White "Talibov, Shiroghlan"]
[Black "Dardha, Daniel"]
[Result "0-1"]
[WhiteElo "2482"]
[BlackElo "2596"]
[EventDate "2026.04.07"]
[PlyCount "82"]

1.e4 c5 2.Nf3 e6 3.d4 cxd4 4.Nxd4 a6 5.Bd3 Bc5 6.Nb3 Ba7 7.Bf4 Nc6 8.Qd2 
Nge7 9.Bd6 Bb8 10.Bxb8 Rxb8 11.Nc3 b5 12.f4 b4 13.Na4 d6 14.Be2 O-O 15.Rd1
d5 16.exd5 Nxd5 17.Bf3 a5 18.Bxd5 exd5 19.O-O Bg4 20.Rde1 Bf5 21.Rd1 d4 
22.Qf2 Qd7 23.c3 bxc3 24.bxc3 d3 25.Nac5 Qd8 26.Nc1 Qf6 27.Qd2 Rfd8 28.
N5xd3 h5 29.Qc2 Rd6 30.h3 Rbd8 31.Rf3 Ne7 32.Ne2 Be4 33.Re3 Qg6 34.Nd4 Nd5
35.Rxe4 Qxe4 36.Re1 Nb4 37.Rxe4 Nxc2 38.Nxc2 Rxd3 39.Rc4 Rd2 40.Nd4 Rxa2 
41.Rc5 Ra8 0-1

[Event "26th EUR-ch"]
[Site "Katowice POL"]
[Date "2026.04.10"]
[Round "4.20"]
[White "Samunenkov, Ihor"]
[Black "Pantsulaia, Levan"]
[Result "1/2-1/2"]
[WhiteElo "2596"]
[BlackElo "2472"]
[EventDate "2026.04.07"]
[PlyCount "81"]

1.e4 c6 2.d4 d5 3.e5 Bf5 4.h4 h5 5.Bd3 Bxd3 6.Qxd3 Qa5+ 7.Nd2 e6 8.Nf3 Nh6
9.O-O Nf5 10.a4 Qa6 11.c4 Bb4 12.b3 c5 13.Qb1 Nxd4 14.Nxd4 cxd4 15.cxd5 
exd5 16.Nf3 O-O 17.Bb2 Bc3 18.Rc1 Bxb2 19.Qxb2 Nc6 20.Rc5 Qd3 21.b4 Qe4 
22.Re1 Qg4 23.Rxd5 Rad8 24.Rd6 Qf4 25.Rxd8 Rxd8 26.b5 Ne7 27.e6 f6 28.Qa3 
Qd6 29.Qd3 Qc5 30.Rd1 Rd5 31.Qe4 Nf5 32.a5 Nd6 33.Qf4 Qxb5 34.Rxd4 Qxa5 
35.Kh2 Rxd4 36.Qxd4 Qc7 37.g3 b6 38.Qd5 Qc5 39.Qa8+ Qc8 40.Qxa7 Qxe6 41.
Qxb6 1/2-1/2

[Event "26th EUR-ch"]
[Site "Katowice POL"]
[Date "2026.04.10"]
[Round "4.21"]
[White "Babazada, Khazar"]
[Black "Yuffa, Daniil"]
[Result "1/2-1/2"]
[WhiteElo "2480"]
[BlackElo "2595"]
[EventDate "2026.04.07"]
[PlyCount "88"]

1.e4 c5 2.c3 d5 3.exd5 Qxd5 4.d4 Nf6 5.Nf3 e6 6.Be3 cxd4 7.cxd4 Bb4+ 8.Nc3
Bd7 9.Bd3 Bb5 10.O-O Bxc3 11.bxc3 Nbd7 12.Bxb5 Qxb5 13.Qb3 Qc6 14.c4 O-O 
15.Rfd1 Rfe8 16.d5 Qc7 17.d6 Qc6 18.Nd4 Qxd6 19.Nb5 Qe5 20.Bxa7 b6 21.Qf3 
Ne4 22.Rac1 Red8 23.Rd4 Rxa7 24.Rxe4 Qg5 25.Rd1 Raa8 26.h4 Qe7 27.Red4 Nf8
28.Nd6 Ra5 29.Qc6 Raa8 30.g3 Rdb8 31.h5 h6 32.a4 Nh7 33.Ne4 Nf6 34.Nxf6+ 
Qxf6 35.Rf4 Qg5 36.Rd7 Qxh5 37.g4 Qg6 38.Rfxf7 Qxf7 39.Rxf7 Kxf7 40.Qd7+ 
Kf6 41.Qd4+ Kg6 42.Qd3+ Kf7 43.Qd7+ Kf6 44.Qd4+ Kf7 1/2-1/2

[Event "26th EUR-ch"]
[Site "Katowice POL"]
[Date "2026.04.10"]
[Round "4.22"]
[White "Gumularz, Szymon"]
[Black "Lavrencic, Matic"]
[Result "1-0"]
[WhiteElo "2590"]
[BlackElo "2472"]
[EventDate "2026.04.07"]
[PlyCount "50"]

1.c4 e6 2.g3 d5 3.Bg2 d4 4.b4 Nf6 5.Bb2 e5 6.Nf3 Nbd7 7.c5 a5 8.a3 axb4 9.
axb4 Rxa1 10.Bxa1 c6 11.e3 dxe3 12.fxe3 Qc7 13.O-O Be7 14.Na3 O-O 15.Nc4 
e4 16.Ng5 b5 17.cxb6 Nxb6 18.Ne5 Nbd5 19.Nxe4 Ba6 20.Rf2 Nxe4 21.Bxe4 Bf6 
22.Bxd5 cxd5 23.Rxf6 gxf6 24.Qg4+ Kh8 25.Nc4 Qd8 1-0

[Event "26th EUR-ch"]
[Site "Katowice POL"]
[Date "2026.04.10"]
[Round "4.23"]
[White "Mosesov, Danyil"]
[Black "Pichot, Alan"]
[Result "1/2-1/2"]
[WhiteElo "2464"]
[BlackElo "2581"]
[EventDate "2026.04.07"]
[PlyCount "26"]

1.d4 Nf6 2.c4 e6 3.Nf3 d5 4.Nc3 Be7 5.Bf4 dxc4 6.e3 a6 7.Bxc4 b5 8.Be2 
Nbd7 9.Ne5 Nxe5 10.Bxe5 O-O 11.O-O Bb7 12.Bf3 Bxf3 13.Qxf3 Nd7 1/2-1/2

[Event "26th EUR-ch"]
[Site "Katowice POL"]
[Date "2026.04.10"]
[Round "4.24"]
[White "Kazakouski, Valery"]
[Black "Levin, Guy"]
[Result "1/2-1/2"]
[WhiteElo "2572"]
[BlackElo "2462"]
[EventDate "2026.04.07"]
[PlyCount "63"]

1.c4 e5 2.g3 Nc6 3.Bg2 g6 4.Nc3 Bg7 5.e3 d6 6.Nge2 h5 7.h3 h4 8.g4 f5 9.
gxf5 Bxf5 10.d3 Qd7 11.e4 Be6 12.Bg5 Bh6 13.Bxh4 Bg7 14.Bg5 Bxh3 15.Bxh3 
Rxh3 16.Rg1 Bh6 17.Bxh6 Nxh6 18.Qd2 O-O-O 19.O-O-O Ng4 20.Rg2 Rf8 21.Ng1 
Rh2 22.Rxh2 Nxh2 23.Qh6 Rf7 24.f3 Rxf3 25.Qxg6 Rf2 26.Qg7 Nd4 27.Qg8+ Qd8 
28.Qxd8+ Kxd8 29.Rd2 Rf1+ 30.Rd1 Rf2 31.Rd2 Rf1+ 32.Rd1 1/2-1/2

[Event "26th EUR-ch"]
[Site "Katowice POL"]
[Date "2026.04.10"]
[Round "4.25"]
[White "Blomqvist, Erik"]
[Black "Finek, Vaclav"]
[Result "1-0"]
[WhiteElo "2463"]
[BlackElo "2571"]
[EventDate "2026.04.07"]
[PlyCount "113"]

1.e4 e5 2.Nf3 Nc6 3.d4 exd4 4.Nxd4 Qf6 5.Nb3 Qg6 6.f3 Bd6 7.Nc3 Nge7 8.f4 
Bb4 9.f5 Qf6 10.Bd3 Bxc3+ 11.bxc3 Ne5 12.O-O d6 13.Bf4 Bd7 14.Qd2 h6 15.a4
g5 16.Be3 c5 17.Qe2 Rc8 18.Na5 Rc7 19.Rfd1 N7c6 20.Nb3 Qe7 21.Nd2 Kf8 22.
Bc4 Kg7 23.Bd5 f6 24.Nf1 Be8 25.Bf2 Nd8 26.Ne3 Bc6 27.Rd2 Ndf7 28.a5 Rcc8 
29.Bg3 Qe8 30.Rad1 Bxd5 31.Nxd5 Rc6 32.Qh5 Qd8 33.h3 Ra6 34.Ne3 Qe7 35.Rd5
Rc6 36.Rb1 Rb8 37.h4 b6 38.Kf2 Rh8 39.axb6 Rxb6 40.Ra1 Rc6 41.Bxe5 Nxe5 
42.Rxe5 dxe5 43.Nd5 Qb7 44.Qg6+ Kf8 45.Nxf6 c4 46.Rb1 Qc7 47.Rb8+ Qxb8 48.
Nd7+ Ke7 49.Qg7+ Kd6 50.Nxb8 Rxb8 51.Qxa7 Rcc8 52.Qf7 gxh4 53.Qd5+ Kc7 54.
Qxe5+ Kc6 55.Qe6+ Kb5 56.Qd7+ Kb6 57.Qd6+ 1-0

[Event "26th EUR-ch"]
[Site "Katowice POL"]
[Date "2026.04.10"]
[Round "4.26"]
[White "Andersen, Mads"]
[Black "Druska, Juraj"]
[Result "1/2-1/2"]
[WhiteElo "2562"]
[BlackElo "2458"]
[EventDate "2026.04.07"]
[PlyCount "20"]

1.d4 Nf6 2.c4 e6 3.g3 d5 4.Bg2 dxc4 5.Nf3 Nbd7 6.O-O c6 7.a4 b6 8.Nfd2 Ba6
9.Bxc6 Rc8 10.Bg2 Nb8 1/2-1/2

[Event "26th EUR-ch"]
[Site "Katowice POL"]
[Date "2026.04.10"]
[Round "4.27"]
[White "Pultinevicius, Paulius"]
[Black "Tudor, Henry Edward"]
[Result "1/2-1/2"]
[WhiteElo "2562"]
[BlackElo "2457"]
[EventDate "2026.04.07"]
[PlyCount "65"]

1.d4 Nf6 2.c4 e6 3.Nf3 d5 4.Nc3 Bb4 5.cxd5 exd5 6.Bg5 h6 7.Bh4 O-O 8.e3 
Bf5 9.Be2 Nbd7 10.Qb3 Qe7 11.O-O c6 12.a3 Bxc3 13.bxc3 b5 14.a4 a6 15.Ra3 
Nb6 16.axb5 axb5 17.Rfa1 g5 18.Bg3 Ne4 19.Rxa8 Rxa8 20.Rxa8+ Nxa8 21.Ne5 
Qb7 22.f3 Nxg3 23.hxg3 f6 24.Nd3 Bxd3 25.Bxd3 Qe7 26.e4 Nb6 27.Kh2 Kg7 28.
exd5 Nxd5 29.c4 bxc4 30.Qxc4 Qd6 31.Qc5 Qxc5 32.dxc5 Nc7 33.Be4 1/2-1/2

[Event "26th EUR-ch"]
[Site "Katowice POL"]
[Date "2026.04.10"]
[Round "4.28"]
[White "Sokolovsky, Yahli"]
[Black "Palczert, Matyas"]
[Result "1-0"]
[WhiteElo "2559"]
[BlackElo "2457"]
[EventDate "2026.04.07"]
[PlyCount "139"]

1.e4 e5 2.Nf3 Nc6 3.Bb5 Nf6 4.O-O Nxe4 5.d4 Nd6 6.dxe5 Nxb5 7.a4 d6 8.e6 
Bxe6 9.axb5 Ne5 10.Nd4 Be7 11.f4 Nc4 12.Nc3 O-O 13.f5 Bd7 14.Nd5 Bf6 15.
Ra4 Nb6 16.Nxf6+ Qxf6 17.Ra3 Rfe8 18.Rg3 Re4 19.c3 h6 20.Qh5 Rh4 21.Qf3 d5
22.Bf4 Re8 23.Bxc7 Rhe4 24.b3 Rxd4 25.cxd4 Qxd4+ 26.Kh1 Bxb5 27.Bxb6 axb6 
28.Rd1 Qe4 29.Qf2 d4 30.h3 d3 31.Qxb6 Qxf5 32.Qxh6 Qe5 33.Qg5 Qxg5 34.Rxg5
Ba6 35.Kh2 Re2 36.Rg4 Rb2 37.Rb4 Kf8 38.Kg3 Ke7 39.Kf3 Kd6 40.Rd4+ Ke5 41.
Re4+ Kd6 42.Rg4 g6 43.b4 Bb5 44.Ke3 Ke5 45.Rd2 Rb1 46.Rf2 Ke6 47.Rgf4 f5 
48.g4 Rh1 49.gxf5+ gxf5 50.Rh4 Re1+ 51.Kd2 Rb1 52.Rhf4 Bc6 53.Kxd3 Rb3+ 
54.Kc4 Rxh3 55.Rxf5 b5+ 56.Kc5 Bd7 57.R5f3 Rh5+ 58.Kb6 Re5 59.Rf6+ Ke7 60.
Rf7+ Ke8 61.Rf8+ Ke7 62.R2f7+ Ke6 63.Kc7 Rd5 64.Rf1 Ke7 65.R8f7+ Ke8 66.
R7f2 Be6 67.Re1 Rd7+ 68.Kc6 Re7 69.Rfe2 Bd7+ 70.Kc7 1-0

[Event "26th EUR-ch"]
[Site "Katowice POL"]
[Date "2026.04.10"]
[Round "4.29"]
[White "Gavrilescu, David"]
[Black "Tutisani, Noe"]
[Result "1-0"]
[WhiteElo "2545"]
[BlackElo "2454"]
[EventDate "2026.04.07"]
[PlyCount "53"]

1.e4 c5 2.Nf3 e6 3.c3 Nf6 4.Bd3 Nc6 5.Bc2 e5 6.d4 cxd4 7.cxd4 Bb4+ 8.Nc3 
d5 9.O-O exd4 10.Nxd5 Nxd5 11.exd5 Qxd5 12.Ng5 Be6 13.Be4 Qd7 14.Nxe6 fxe6
15.Qh5+ Kf8 16.Rd1 Be7 17.Rd3 Bf6 18.Bg5 Rd8 19.Rad1 Qf7 20.Qh4 e5 21.Rg3 
Rd6 22.f4 exf4 23.Qxf4 Be5 24.Qg4 Bxg3 25.Qxg3 Qe6 26.Rf1+ Kg8 27.Qf3 1-0

[Event "26th EUR-ch"]
[Site "Katowice POL"]
[Date "2026.04.10"]
[Round "4.30"]
[White "Willow, Jonah"]
[Black "Kantor, Gergely"]
[Result "0-1"]
[WhiteElo "2452"]
[BlackElo "2544"]
[EventDate "2026.04.07"]
[PlyCount "68"]

1.Nf3 d5 2.c4 d4 3.b4 c5 4.Bb2 Nf6 5.g3 Qc7 6.Bg2 e5 7.O-O Nc6 8.b5 Ne7 9.
d3 Ng6 10.e3 Be7 11.Re1 Bf5 12.Nbd2 O-O 13.e4 Be6 14.a4 a6 15.h4 Bd6 16.
Nh2 h6 17.Rb1 axb5 18.cxb5 Qa5 19.Ra1 Nd7 20.Bf3 Qb4 21.Bc1 Nb6 22.Bg4 
Rxa4 23.Rb1 Qc3 24.Bxe6 fxe6 25.Rb3 Qa5 26.Qg4 Rf6 27.Rf1 Ra1 28.Nc4 Nxc4 
29.dxc4 Qa4 30.Rf3 Rxf3 31.Qxe6+ Rf7 32.Qxg6 Rf6 33.Qh5 Qxc4 34.Ng4 Re6 
0-1

[Event "26th EUR-ch"]
[Site "Katowice POL"]
[Date "2026.04.10"]
[Round "4.31"]
[White "Subelj, Jan"]
[Black "Tsolakidou, Stavroula"]
[Result "1/2-1/2"]
[WhiteElo "2543"]
[BlackElo "2452"]
[EventDate "2026.04.07"]
[PlyCount "74"]

1.e4 e5 2.Nf3 Nc6 3.Bb5 a6 4.Ba4 Nf6 5.d3 b5 6.Bb3 Bc5 7.Nbd2 O-O 8.c3 d5 
9.exd5 Nxd5 10.Ne4 Ba7 11.O-O f6 12.Re1 Kh8 13.Ng3 Qd6 14.Ne4 Qd8 15.h3 
Be6 16.d4 exd4 17.Neg5 Bg8 18.Ne6 Bxe6 19.Rxe6 Qd7 20.Re1 Rad8 21.cxd4 Na5
22.Bc2 Nb4 23.Bb1 Nc4 24.a3 Nc6 25.Qd3 f5 26.Bg5 Rde8 27.Rxe8 Qxe8 28.Ba2 
Nxb2 29.Qc3 Na4 30.Qd2 Bb6 31.Re1 Qh5 32.Qf4 h6 33.Be7 Re8 34.g4 Qxh3 35.
Qxf5 Nxd4 36.Nxd4 Bxd4 37.Bb1 Qg3+ 1/2-1/2

[Event "26th EUR-ch"]
[Site "Katowice POL"]
[Date "2026.04.10"]
[Round "4.32"]
[White "Kosakowski, Jakub"]
[Black "Isik, Alparslan"]
[Result "1-0"]
[WhiteElo "2533"]
[BlackElo "2435"]
[EventDate "2026.04.07"]
[PlyCount "139"]

1.e4 e6 2.d4 d5 3.Nc3 Bb4 4.e5 c5 5.Bd2 Ne7 6.a3 Bxc3 7.Bxc3 b6 8.h4 Ba6 
9.Bxa6 Nxa6 10.h5 h6 11.Nf3 Rc8 12.Qe2 Nb8 13.g4 Nbc6 14.Rg1 Qc7 15.Rg3 
cxd4 16.Bxd4 Na5 17.Bc3 Qc4 18.Nd4 Nec6 19.Qxc4 Nxc4 20.Nxc6 Rxc6 21.O-O-O
O-O 22.g5 hxg5 23.Rxg5 Kh7 24.Rdg1 Rg8 25.R5g3 Rc7 26.a4 Na5 27.Rg4 Nc6 
28.Rf4 Rd7 29.Rg5 Kh6 30.Bd2 Kh7 31.b4 Rc8 32.Rfg4 Rg8 33.Rf4 Rc7 34.b5 
Na5 35.Rg3 Nc4 36.Bb4 Rd7 37.Bc3 Kh6 38.Rgf3 Rf8 39.Bd4 Kh7 40.Rg4 Rc8 41.
Rfg3 Rg8 42.Kd1 Rc7 43.Rf3 Na5 44.Be3 Nb7 45.Rgf4 Rf8 46.h6 g6 47.Rf6 Nd8 
48.Bg5 Rc4 49.R6f4 f5 50.Rxc4 dxc4 51.Rc3 Nf7 52.Bf6 Rc8 53.f4 Nd8 54.Ke2 
Nb7 55.Ke3 Rc7 56.Kd4 Rd7+ 57.Kxc4 Rc7+ 58.Kb4 Rxc3 59.Kxc3 Kxh6 60.Be7 
Kh5 61.Bd6 Kg4 62.Bb8 Nc5 63.Bxa7 Nd7 64.Bxb6 Nxb6 65.a5 Nd7 66.a6 g5 67.
fxg5 Kxg5 68.a7 Nb6 69.Kb4 f4 70.Ka5 1-0

[Event "26th EUR-ch"]
[Site "Katowice POL"]
[Date "2026.04.10"]
[Round "4.33"]
[White "Meshkovs, Nikita"]
[Black "Beydullayeva, Govhar"]
[Result "1-0"]
[WhiteElo "2532"]
[BlackElo "2358"]
[EventDate "2026.04.07"]
[PlyCount "131"]

1.d4 d5 2.Nf3 Nf6 3.c3 Bf5 4.Qb3 Qc8 5.Bf4 e6 6.e3 h6 7.c4 Bd6 8.Bxd6 cxd6
9.Nbd2 Nbd7 10.cxd5 exd5 11.Be2 Qc7 12.O-O Qb6 13.Rfc1 O-O 14.Qxb6 Nxb6 
15.a4 a5 16.Rc7 Rfb8 17.Bb5 Bd7 18.Bxd7 Nbxd7 19.b3 Kf8 20.Ne1 Ke7 21.f3 
Kd8 22.Rc2 Nf8 23.Nd3 Ne6 24.Nb1 Ra6 25.Na3 Kd7 26.Kf2 Rb6 27.Rb2 Ra6 28.
Nb5 Nd8 29.Ke2 Nc6 30.Rc2 Re8 31.Kd2 Raa8 32.Re1 Re7 33.Kd1 Rae8 34.Rce2 
g5 35.Kd2 Re6 36.Nc3 Rc8 37.h4 Ree8 38.g4 b6 39.Rh2 Ne7 40.h5 Rc6 41.Rhe2 
Rec8 42.Rc1 R6c7 43.Ree1 Ne8 44.e4 dxe4 45.fxe4 Nf6 46.Nf2 d5 47.e5 Ne8 
48.Nfd1 Ng7 49.Ne3 Ne6 50.Nexd5 Nxd5 51.Nxd5 Rxc1 52.Nxb6+ Ke7 53.Rxc1 
Rxc1 54.Nd5+ Kd8 55.Kxc1 Nxd4 56.b4 axb4 57.Nxb4 Nf3 58.Nd3 Nh2 59.e6 Nxg4
60.exf7 Ke7 61.a5 Ne3 62.a6 Nc4 63.a7 Nb6 64.Ne5 Na8 65.Kd2 Nc7 66.Kd3 1-0

[Event "26th EUR-ch"]
[Site "Katowice POL"]
[Date "2026.04.10"]
[Round "4.34"]
[White "Pasti, Aron"]
[Black "Wadsworth, Matthew"]
[Result "1-0"]
[WhiteElo "2388"]
[BlackElo "2532"]
[EventDate "2026.04.07"]
[PlyCount "179"]

1.e4 e6 2.d4 d5 3.Nc3 Nf6 4.Bg5 h6 5.Bxf6 Qxf6 6.a3 c6 7.Qe2 Qd8 8.Qe3 Be7
9.f4 Nd7 10.Nf3 O-O 11.Bd3 a5 12.g4 c5 13.exd5 cxd4 14.Qe4 Bh4+ 15.Kf1 Nf6
16.Qxd4 Nxg4 17.h3 Bf2 18.Qa4 Bd7 19.Bb5 Bxb5+ 20.Qxb5 f5 21.Qe2 Ra6 22.
hxg4 fxg4 23.dxe6 Bc5 24.Qc4 Be7 25.Rd1 Rd6 26.Nd5 Kh8 27.Ne5 Rxe6 28.Kg2 
Bd6 29.Qe4 Qe8 30.Rde1 Kg8 31.Rhf1 g5 32.Qc4 b5 33.Qc3 gxf4 34.Nxg4 f3+ 
35.Rxf3 Re2+ 36.Rxe2 Qxe2+ 37.Nf2 Rxf3 38.Qxf3 Qxc2 39.Qe4 Qxe4+ 40.Nxe4 
Be5 41.Nec3 Kf7 42.Kf3 Ke6 43.Ke4 b4 44.axb4 axb4 45.Nxb4 Bd6 46.Nbd5 Kd7 
47.Nb5 Bf8 48.Nd4 Kc8 49.Nf5 Kb7 50.Nf4 Kc6 51.Ne6 Bb4 52.Nxh6 Kb5 53.Kd3 
Ba3 54.b3 Be7 55.Nf5 Bf6 56.Nf4 Be5 57.Nd5 Kc5 58.Ke4 Bh2 59.Nh4 Bd6 60.
Nf3 Bg3 61.Ne5 Kb5 62.Nd3 Bd6 63.Nc3+ Kc6 64.Kd4 Bf8 65.Kc4 Bd6 66.Nb4+ 
Kb6 67.Na4+ Ka5 68.Nd3 Bb4 69.Ne5 Bd6 70.Nc6+ Ka6 71.Nd4 Ba3 72.Nc2 Be7 
73.Nc5+ Kb6 74.b4 Bd6 75.Ne3 Bh2 76.Nd5+ Kc6 77.b5+ Kd6 78.Ne4+ Kd7 79.
Nc5+ Kd6 80.Nb3 Kd7 81.b6 Kd6 82.Na5 Kd7 83.b7 Bg3 84.Kb5 Bh2 85.Nc4 Bb8 
86.Kc5 Ba7+ 87.Ncb6+ Kd8 88.Kc6 Bb8 89.Nd7 Ba7 90.Nc3 1-0

[Event "26th EUR-ch"]
[Site "Katowice POL"]
[Date "2026.04.10"]
[Round "4.35"]
[White "Maksimovic, Bojan"]
[Black "Brzezina, Piotr"]
[Result "1/2-1/2"]
[WhiteElo "2531"]
[BlackElo "2327"]
[EventDate "2026.04.07"]
[PlyCount "41"]

1.d4 Nf6 2.Nf3 g6 3.Bf4 Bg7 4.Nbd2 d5 5.e3 c5 6.c3 Qb6 7.Qb3 e6 8.Be2 Nc6 
9.O-O Nd7 10.a4 Qxb3 11.Nxb3 c4 12.Nbd2 b6 13.b3 cxb3 14.Nxb3 a5 15.Bb5 
Na7 16.Bd3 Nc6 17.e4 O-O 18.Bd6 Re8 19.Rfe1 Bb7 20.Rab1 Na7 21.Nbd2 
1/2-1/2

[Event "26th EUR-ch"]
[Site "Katowice POL"]
[Date "2026.04.10"]
[Round "4.36"]
[White "Vogel, Roven"]
[Black "Dyachuk, Artem"]
[Result "0-1"]
[WhiteElo "2524"]
[BlackElo "2323"]
[EventDate "2026.04.07"]
[PlyCount "62"]

1.d4 Nf6 2.Nf3 e6 3.Bf4 b6 4.e3 Bb7 5.Bd3 h6 6.h4 Bd6 7.Ne5 Bxe5 8.dxe5 
Nd5 9.Be4 Qe7 10.Qd2 Bc6 11.Bxd5 Bxd5 12.f3 Bb7 13.Nc3 Nc6 14.O-O-O O-O-O 
15.h5 Ba6 16.Bg3 f6 17.exf6 gxf6 18.e4 Ne5 19.b3 d5 20.exd5 exd5 21.Qf4 
Rhg8 22.Bh4 Nc4 23.Kb1 Na3+ 24.Kb2 Rxg2 25.Bxf6 Rxc2+ 26.Ka1 Qc5 27.Qf5+ 
Kb8 28.Ne4 Qa5 29.Bxd8 Nb5 30.Bxc7+ Nxc7 31.Qf8+ Bc8 0-1

[Event "26th EUR-ch"]
[Site "Katowice POL"]
[Date "2026.04.10"]
[Round "4.37"]
[White "Lyakh, Vasiliy"]
[Black "Olszewski, Michal"]
[Result "1/2-1/2"]
[WhiteElo "2314"]
[BlackElo "2516"]
[EventDate "2026.04.07"]
[PlyCount "106"]

1.d4 Nf6 2.c4 e6 3.Nf3 Nc6 4.Nc3 Bb4 5.Qc2 O-O 6.Bd2 d6 7.a3 Bxc3 8.Bxc3 
Re8 9.e3 a5 10.Be2 a4 11.Rd1 Qe7 12.h3 e5 13.dxe5 dxe5 14.O-O g6 15.Ng5 
Bf5 16.Bd3 Bxd3 17.Qxd3 Nh5 18.Ne4 Rad8 19.Qe2 f5 20.Ng3 Nf6 21.Rxd8 Nxd8 
22.Qc2 Nf7 23.Qxa4 Qe6 24.Rd1 h5 25.b3 h4 26.Ne2 g5 27.c5 g4 28.hxg4 fxg4 
29.Nf4 Qf5 30.Nd5 Re6 31.Nxc7 Rc6 32.Qa8+ Kg7 33.Qxb7 Rxc5 34.Be1 h3 35.e4
Rxc7 36.exf5 Rxb7 37.b4 Ra7 38.Rd3 hxg2 39.b5 Nh5 40.Bd2 Kf6 41.Kxg2 Nf4+ 
42.Bxf4 exf4 43.b6 Rb7 44.Rb3 Nd6 45.a4 f3+ 46.Kg1 Nxf5 47.Rb4 Kg5 48.a5 
Rd7 49.b7 Rd1+ 50.Kh2 Rd2 51.b8=Q Rxf2+ 52.Kh1 Rf1+ 53.Kh2 Rf2+ 1/2-1/2

[Event "26th EUR-ch"]
[Site "Katowice POL"]
[Date "2026.04.10"]
[Round "4.38"]
[White "Stefansson, Vignir Vatnar"]
[Black "Kejna, Piotr"]
[Result "1-0"]
[WhiteElo "2512"]
[BlackElo "2311"]
[EventDate "2026.04.07"]
[PlyCount "127"]

1.d4 Nf6 2.Nf3 e6 3.c4 Bb4+ 4.Bd2 Qe7 5.g3 Nc6 6.Nc3 Bxc3 7.Bxc3 Ne4 8.Rc1
O-O 9.Bg2 d6 10.d5 Nxc3 11.Rxc3 Nd8 12.Nd2 e5 13.c5 f5 14.Qc2 Nf7 15.O-O 
Bd7 16.Nb3 b6 17.c6 Bc8 18.f4 g6 19.e4 exf4 20.Rxf4 Ne5 21.Nd4 fxe4 22.
Rxf8+ Qxf8 23.Qxe4 Bf5 24.Qf4 Re8 25.Re3 Nd3 26.Rxe8 Qxe8 27.Qd2 Ne5 28.
Nxf5 gxf5 29.Qg5+ Ng6 30.Qxf5 Qe3+ 31.Kh1 Qc1+ 32.Bf1 Ne7 33.Qe6+ Kf8 34.
Qf6+ Kg8 35.Kg2 Qe3 36.Kh3 Ng6 37.Qd8+ Nf8 38.Bg2 Qh6+ 39.Qh4 Qg7 40.Qg4 
Ng6 41.Qe6+ Kh8 42.Qc8+ Nf8 43.Be4 Qf7 44.Qf5 Qg7 45.Qf4 Qe7 46.Kg2 Kg7 
47.Qg4+ Kh8 48.Kf3 a5 49.a4 Qf6+ 50.Qf5 Qg7 51.h4 Ng6 52.Qc8+ Nf8 53.h5 
Qe7 54.Qf5 Qg7 55.Qf4 Qe7 56.Ke3 Kg8 57.Qg4+ Kh8 58.Kd3 Qe5 59.Qf4 Qg7 60.
h6 Qe7 61.Kc4 Kg8 62.Qg4+ Kh8 63.Kb5 Qf6 64.Qg7+ 1-0

[Event "26th EUR-ch"]
[Site "Katowice POL"]
[Date "2026.04.10"]
[Round "4.39"]
[White "Fiedorek, Michal"]
[Black "Stocek, Jiri"]
[Result "1/2-1/2"]
[WhiteElo "2323"]
[BlackElo "2512"]
[EventDate "2026.04.07"]
[PlyCount "82"]

1.e4 d6 2.d4 Nf6 3.Nc3 c6 4.a4 Nbd7 5.Nf3 Qc7 6.h3 h6 7.Bc4 e6 8.O-O d5 9.
exd5 cxd5 10.Bb3 Bb4 11.Bd2 Bxc3 12.Bxc3 a5 13.Bd2 b6 14.Re1 Ba6 15.c3 Ne4
16.Be3 Rc8 17.Bc2 O-O 18.Qc1 f5 19.Bf4 Qd8 20.Ne5 Nxe5 21.Bxe5 Qh4 22.Qf4 
Qxf4 23.Bxf4 g5 24.Be5 Nd2 25.f3 Kf7 26.Kf2 Nc4 27.Bd3 Bb7 28.Re2 Bc6 29.
Bh2 f4 30.g3 fxg3+ 31.Bxg3 Ke7 32.b3 Nd6 33.Kg2 Nf5 34.Bxf5 Rxf5 35.Re3 
Bd7 36.Rae1 Rc6 37.Be5 Be8 38.Rc1 Bh5 39.Kg3 Rf8 40.Bg7 Rg8 41.Be5 Rgc8 
1/2-1/2

[Event "26th EUR-ch"]
[Site "Katowice POL"]
[Date "2026.04.10"]
[Round "4.40"]
[White "Janik, Igor"]
[Black "Karpus, Michal"]
[Result "1-0"]
[WhiteElo "2504"]
[BlackElo "2243"]
[EventDate "2026.04.07"]
[PlyCount "65"]

1.c4 g6 2.g3 Bg7 3.Bg2 Nf6 4.Nc3 O-O 5.d4 c6 6.e4 d6 7.Nge2 Nbd7 8.O-O e5 
9.Qc2 exd4 10.Nxd4 a5 11.Rd1 Re8 12.h3 Nc5 13.Nb3 Nxb3 14.axb3 Be6 15.Bf4 
Qc8 16.Kh2 b5 17.Bxd6 bxc4 18.bxc4 Bxc4 19.Na4 Qa6 20.Nc5 Qb5 21.Rac1 Be2 
22.Rd2 Rad8 23.e5 Nd5 24.Ne4 f5 25.Rxe2 fxe4 26.Rxe4 Nb4 27.Rxb4 axb4 28.
Bxc6 Qb6 29.Bxe8 Rxe8 30.Qc5 Qb7 31.Qxb4 Qxb4 32.Bxb4 Bxe5 33.Re1 1-0

[Event "26th EUR-ch"]
[Site "Katowice POL"]
[Date "2026.04.10"]
[Round "4.41"]
[White "Turski, Bartlomiej"]
[Black "Kovalenko, Igor"]
[Result "1/2-1/2"]
[WhiteElo "2404"]
[BlackElo "2685"]
[EventDate "2026.04.07"]
[PlyCount "128"]

1.e4 e5 2.Nf3 Nc6 3.Nc3 d6 4.d4 Bg4 5.d5 Nb8 6.h3 Bc8 7.Be3 Nf6 8.Qd2 Be7 
9.g4 h6 10.Bc4 a6 11.a4 Nbd7 12.Qd3 Nf8 13.Ne2 g5 14.O-O-O Ng6 15.Ng3 Nf4 
16.Bxf4 gxf4 17.Nf5 Bxf5 18.gxf5 Qb8 19.Rhg1 Qa7 20.Rg2 O-O-O 21.c3 Qb6 
22.Qc2 Rhg8 23.Rdg1 Rxg2 24.Rxg2 Rg8 25.Rxg8+ Nxg8 26.Kd1 Nf6 27.Ke1 Bd8 
28.Nd2 Nd7 29.Nf3 Qc5 30.Bd3 Qb6 31.Bc4 a5 32.Bb5 Nf6 33.Bd3 c6 34.c4 Qb4+
35.Kf1 Bb6 36.Ke2 Nd7 37.b3 Kd8 38.Qd1 Ke7 39.Bc2 Nf6 40.Qd2 Qc5 41.Kf1 
Qa3 42.Kg2 Qb2 43.Bd1 Qb1 44.Bc2 Qa1 45.b4 cxd5 46.cxd5 Qb2 47.bxa5 Bxa5 
48.Qe2 Nd7 49.Nh4 Nf6 50.Qc4 Bb6 51.Nf3 Kf8 52.Qc8+ Kg7 53.Qxb7 Qxc2 54.
Qxb6 Nxe4 55.a5 Nf6 56.Qxd6 e4 57.Nd4 f3+ 58.Kg3 Qc3 59.Ne6+ fxe6 60.dxe6 
Qa1 61.Qe7+ Kh8 62.Qf8+ Kh7 63.Qf7+ Kh8 64.Qf8+ Kh7 1/2-1/2